Hospodářská politika

Gespeichert in:
Bibliographische Detailangaben
1. Verfasser: Kubíček, Jan
Format: Buch
Sprache:Tschechisch
Veröffentlicht: Plzeň Vydavatelství a nakladatelství Aleš Čeněk 2006
Schriftenreihe:Vysokoškolské učebnice
Schlagworte:
Tags: Tag hinzufügen
Keine Tags, Fügen Sie das erste Tag hinzu!

MARC

LEADER 00000nam$a2200000$$$4500
001 0076579
005 20240311124943.9
020 |a 80-86898-99-7 
041 0 |a cze 
044 |a CZ 
245 1 0 |a Hospodářská politika  |c Jan Kubíček a kolektiv 
264 1 |a Plzeň  |b Vydavatelství a nakladatelství Aleš Čeněk  |c 2006 
300 |a 302 s. 
490 1 |a Vysokoškolské učebnice 
830 0 |a Vysokoškolské učebnice 
610 2 0 |a politika hospodárska 
610 2 0 |a ekonómia 
610 2 0 |a politika fiškálna 
610 2 0 |a sektor verejný 
610 2 0 |a politika menová 
610 2 0 |a obchod medzinárodný 
610 2 0 |a pohyb síl pracovných medzinárodný 
610 2 0 |a politika štruktúrna 
610 2 0 |a politika regionálna 
610 2 0 |a ochrana spotrebiteľa 
610 2 0 |a súťaž hospodárska 
610 2 0 |a vlastníctvo duševné 
610 2 0 |a trh práce 
610 2 0 |a prostredie životné 
610 2 0 |a systémy dôchodkové 
610 2 0 |a reformy dôchodkové 
100 1 |a Kubíček, Jan